Words Starting With N - Statistics

General Stats
  • This quiz has been taken 40 times
  • The average score is 55 of 100
Answer Stats
Hint Answer % Correct
morning; afternoon; ____ Night
100%
bad dream Nightmare
92%
7, 8, ___, 10 Nine
92%
under your chin but above your chess Neck
90%
biggest city in the US New York
90%
South, East, West, & _____ North
90%
on your face Nose
90%
a paper used to remind something Note
90%
healthcare profession Nurse
90%
walnuts; pistachios; macadamia Nut
90%
wipes your mouth during mealtime Napkin
87%
used to catch a lot of fish Net
87%
a river from Egypt to Tanzania Nile
87%
loudness Noise
85%
recent New
79%
ruler of France from 1799-1815 Napoleon
77%
a planet in the Solar System Neptune
77%
where you read the current events Newspaper
77%
sentimentality for the past Nostalgia
77%
chips eaten with salsa; guacamole; or cheese Nacho
74%
sharp small metal object used in construction Nail
74%
where you keep notes Notebook
74%
cracks walnuts Nutcracker
74%
chocolate sauce eaten with bread Nutella
74%
caretaker for children Nanny
72%
a quick slumber Nap
72%
recently born child Newborn
72%
African country Nigeria
72%
gown wore at night Nightgown
72%
video game company Nintendo
72%
12:00 AM Noon
72%
worn around the above Necklace
69%
current events News
69%
usual or average Normal
69%
Scandinavian country Norway
69%
army but for water Navy
67%
chemicals from smoking Nicotine
67%
a shoe brand Nike
67%
car brand Nissan
67%
person; place; thing Noun
67%
you count, add, subtract, multiply _____ Number
67%
an Arctic whale Narwhal
64%
relative to salamanders Newt
64%
Japanese warrior Ninja
64%
shoots nails Nail Gun
62%
used to polish nail Nail Polish
62%
tie around neck Necktie
62%
home for birds Nest
62%
a streaming service Netflix
62%
rope for hanging prisoners Noose
62%
animals and scenery of outside Nature
56%
houses or buildings grouped up in an area Neighborhood
56%
a tasteless, odorless, colorless gaseous chemical Nitrogen
56%
a chapter book Novel
56%
a small space (width) Narrow
54%
a person who plots the course of a ship or vessel Navigator
54%
5 cents Nickle
54%
a person without a designated home Nomad
54%
nonexistent; 0 Nothing
54%
the process of providing or obtaining the food needed for health and growth Nutrition
54%
a sugary fluid secreted by plants Nectar
51%
a fruit Nectarine
51%
a subsitute name given to a person; place; or thing Nickname
51%
a type of pasta Noodle
51%
a country Nation
49%
chemical element with the atomic number 10 Neon
49%
somebody who recently arrived Newcomer
49%
a night table Nightstand
49%
a type of spice Nutmeg
49%
a cylindrical or round spout at the end of a pipe, hose, or tube Nozzle
46%
a tough, lightweight, elastic synthetic polymer with a protein-like chemical structure Nylon
46%
gross Nasty
44%
notification or warning of something Notice
44%
where a person is from Nationality
41%
island off Canada Newfoundland
41%
either of two external openings of the nasal cavity in vertebrates Nostrils
38%
a mythical spirit or goddess Nymph
38%
a whitish fiber or bundle of fibers that transmits impulses of sensation to the brain or spinal cord Nerves
36%
Subatomic partridge Neutron
33%
a drug or other substance that affects mood or behavior and is consumed for nonmedical purposes, Narcotic
31%
absent or reduced sensitivity to simulation Numbness
26%
atomic bomb Nuke
23%
label for humans Name
21%
something in space Nebula
21%
a small sharp object Needle
21%
someone who lives next door Neighbor
21%
TV channels Network
18%
a small chunk of something Nugget
18%
people reading information during a documentary Narration
15%
small Nano
13%
act of disregarding something Neglect
13%
a silly or foolish behavior Nonsense
13%
also called garfish Needlefish
10%
a silly person Nitwit
10%
rare or small Niche
8%
a small European thrush with drab brownish plumage Nightingale
8%
a small Australian mammal Numbat
8%
quality of having a nutty flavor Nuttiness
8%
a worm of the large phylum Nematoda, such as a roundworm or threadworm. Nematodes
5%
a species of pigeon Nicobar
5%
No matching quizzes found
Score Distribution
Percent of People with Each Score
Percentile by Number Answered
Your Score History
You have not taken this quiz